000 01333nam a22002537a 4500
999 _c531
_d531
005 20190820113644.0
008 190820b ||||| |||| 00| 0 eng d
020 _a9781782274414
040 _cKH8
082 _aFIC HER
100 _aHerrndorf, Wolfgang
245 _aSand /
_cWolfgang Herrndorf ; translated by Tim Mohr.
260 _aLondon :
_bPushkin Press,
_c2018. ©2017.
300 _a442 pages ;
_c20 cm.
500 _aFirst published in German: Berlin : Rowohlt Berlin Verlag GmbH, 2011.
520 _aNorth Africa, 1972. While the world is reeling from the massacre of Israeli athletes at the Munich Olympics, a series of mysterious events is playing out in the Sahara desert. Four people are murdered in a hippy commune, a suitcase full of money disappears, and a pair of unenthusiastic detectives are assigned to investigate. In the midst of it all, a man with no memory tries to evade his armed pursuers. Who are they? What do they want from him? If he could just recall his own identity he might have a chance of working it out...
546 _aTranslated from the German.
650 _aHippies
_vFiction.
_zAfrica, North
650 _aCommunal living
_vFiction.
_zAfrica, North
650 _aMurder
_vInvestigation
_xFiction.
650 _aAmnesiacs.
700 _aMohr, Tim
_eTranslator
942 _2ddc
_cFIC